Indian Economy/ (Record no. 203562)

MARC details
000 -LEADER
fixed length control field 00644nam a22002057a 4500
005 - DATE AND TIME OF LATEST TRANSACTION
control field 20240612165243.0
010 ## - LCCN (DPL NO)
LC control number ENG-140589
020 ## - INTERNATIONAL STANDARD BOOK NUMBER
International Standard Book Number 9789355327208
Terms of availability 650.00
035 ## - SYSTEM CONTROL NUMBER
System control number EN-124121
037 ## - SOURCE OF ACQUISITION
Source of stock number/acquisition DBAD
082 ## - DEWEY DECIMAL CLASSIFICATION NUMBER
Classification number 330
Edition number 16
100 ## - MAIN ENTRY--PERSONAL NAME
Personal name Ramesh, Singh
245 ## - TITLE STATEMENT
Title Indian Economy/
Statement of responsibility, etc By Ramesh, Singh
250 ## - EDITION STATEMENT
Edition statement 16
260 ## - PUBLICATION, DISTRIBUTION, ETC. (IMPRINT)
Place of publication, distribution, etc Chennai
Name of publisher, distributor, etc Mc Graw Hill Education
Date of publication, distribution, etc 2024
270 ## - ADDRESS
Address Anjana Complex NO. 5/90 A, Butt Road, St. Thomas Mount
City Chennai
Postal code 600116
300 ## - PHYSICAL DESCRIPTION
Extent xxii,498p.
Dimensions 24cm(pbk)
Other physical details index
500 ## - GENERAL NOTE
General note For Civil Services and Other Competitive Examinations
942 ## - ADDED ENTRY ELEMENTS (KOHA)
Source of classification or shelving scheme Dewey Decimal Classification
Item type English Books
Classification part 330
Call number suffix RAM
Edition 16
Holdings
Withdrawn status Lost status Not for loan Collection code Home library Current library Date acquired Source of acquisition Cost, normal purchase price Full call number Barcode Copy number Cost, replacement price Koha item type
      Non-fiction Central Library Central Library 12/06/2024 DBAD 650.00 330 RAM EN-124121 1 650.00 English Books

© Delhi Public Library
Hit Counter
free hit counter